Countries in FIBA World Cup 1998 - Statistics

General Stats
  • This quiz has been taken 17 times
  • The average score is 11 of 16
Answer Stats
Rank Country % Correct
Runners-Up (2nd Place) Russia
93%
3rd Place United States
93%
12th Place Canada
86%
14th Place Japan
86%
5th Place Spain
86%
9th Place Australia
79%
10th Place Brazil
79%
Host (4th Place) Greece
79%
6th Place Italy
79%
7th Place Lithuania
71%
8th Place Argentina
64%
Champions (1st Place) Yugoslavia
64%
16th Place South Korea
57%
13th Place Nigeria
50%
11th Place Puerto Rico
29%
15th Place Senegal
21%
No matching quizzes found
Score Distribution
Percent of People with Each Score
Percentile by Number Answered
Your Score History
You have not taken this quiz